Statystyki dla Wszystkie aktywne wulkany na świecie

Kliknij tutaj aby rozwiązać quiz!

Ogólne statystyki

  • Ten quiz został rozwiązany 58 razy
  • Średni wynik to 6 z 10

Statystyki odpowiedzi

Nazwa wulkanuKraj% Poprawnych
Kilauea/Yellowstone/Mount Rainier/Mauna LoaStany Zjednoczone
98%
Aso/Fudżi/SakurajimaJaponia
96%
Wezuwiusz/StromboliWłochy
91%
Krakatau/MerapiIndonezja
74%
EyjafjallajökullIslandia
74%
PopocatépetlMeksyk
60%
Pinatubo/TaalFilipiny
51%
CotopaxiEkwador
36%
NyiragongoDemokratyczna Republika Konga
19%
Mount YasurVanuatu
9%

Rozkład punktacji

Percentyl według liczby udzielonych odpowiedzi

Procent ludzi z każdym wynikiem

Twoja historia wyników

Nie rozwiązałeś tego quizu